Famous With A Phone Quiz Stats

 Plays Quiz Updated Dec 1, 2020

Support Sporcle.
Go Orange.
Score 0/20 Timer 04:00
0 Plays Today
# Phone Holder % Correct
John F. Kennedy
96.6%
Oprah Winfrey
96%
Tiger Woods
95.9%
Ellen DeGeneres
95%
Justin Bieber
94.5%
Jennifer Aniston
93.8%
John Lennon
90.6%
Bruce Willis
89.5%
Brad Pitt
88.3%
Ronald Reagan
85.3%
# Phone Holder % Correct
Samuel L. Jackson
83.5%
Steve Carell
80.1%
Shaquille O'Neal
78.3%
Sean Connery
76.9%
Russell Brand
74.5%
Rihanna
73%
Lucille Ball
70.6%
Snooki
68%
Elliot Page
64%
Ryan Seacrest
63.9%

From the Vault

One Vowel Four Times

by lukebradford

Language 12m
These vowels have quadrupled in size!
Remove Ads.
Support Sporcle.
Get the best of Sporcle when you Go Orange. This ad-free experience offers more features, more stats, and more fun while also helping to support Sporcle. Thank you for becoming a member.

Show Comments

Extras

Top Quizzes Today


Score Distribution

Your Account Isn't Verified!

In order to create a playlist on Sporcle, you need to verify the email address you used during registration. Go to your Sporcle Settings to finish the process.

Report this User

Report this user for behavior that violates our Community Guidelines.

Details: